Nová účtovná smernica Európskej únie

Enregistré dans:
Détails bibliographiques
Auteur principal: Farkaš, Richard
Format: Livre
Langue:slovaque
Publié: Bratislava Wolters Kluwer 2014
Collection:Ekonómia
Sujets:
Tags: Ajouter un tag
Pas de tags, Soyez le premier à ajouter un tag!

MARC

LEADER 00000nam a2200000 4500
001 0204309
005 20240314094442.1
020 |a 978-80-8168-059-5 
041 0 |a slo 
044 |a SK 
245 1 0 |a Nová účtovná smernica Európskej únie  |c Richard Farkaš 
264 1 |a Bratislava  |b Wolters Kluwer  |c 2014 
300 |a 164 s. 
490 1 |a Ekonómia 
830 0 |a Ekonómia 
610 2 0 |a smernice 
610 2 0 |a účtovníctvo 
610 2 0 |a Európska únia 
610 2 0 |a závierka účtovná 
610 2 0 |a závierka účtovná konsolidovaná 
610 2 0 |a audit 
100 1 |a Farkaš, Richard